000 00896nam a22002417a 4500
999 _c64164
_d64164
005 20240530110718.0
008 180311s2016 ua g 000 f ara d
017 _a2016/9662
_bمصر. دار الكتب
020 _a9789773192495
040 _aEG-CaGPL
_cEG-CaGPL
082 0 4 _221
_a891.86 /
_bهـ ك
100 1 _aهولوفا، بيترا
245 1 0 _aكل هذا ملكى انا :
_bرواية من التشيك /
_cبيترا هولوفا ؛ ترجمة خالد البلتاجى
250 _aط. 1
260 _aالقاهرة :
_bالعربى للنشر و التوزيع ،
_c2016.
300 _a264 ص. ؛
_c19 سم.
650 0 7 _2qrmak
_aالادب التشيكى
650 0 7 _2qrmak
_aالقصص التشيكية المترجمة
651 _2qrmak
700 0 _aخالد البلتاجى
_eمترجم
942 _2ddc
_cBK